Statistics for Top 20 Most Famous British Prime Ministers

Click here to take the quiz!

General Stats

  • This quiz has been taken 2,236 times
  • The average score is 14 of 20

Answer Stats

%termPrime Minister% Correct
941940-1945Winston Churchill
99%
961979-1990Margaret Thatcher
97%
951997-2007Tony Blair
95%
932010-David Cameron
93%
932007-2010Gordon Brown
89%
861990-1997John Major
83%
741937-1940Neville Chamberlain
80%
551964-1970Harold Wilson
71%
521970-1974Edward Heath
69%
561916-1922David Lloyd George
68%
571874-1880Benjamin Disraeli
67%
531945-1951Clement Attlee
64%
431957-1963Harold Macmillan
62%
461976-1979James Callaghan
62%
401955-1957Anthony Eden
61%
531783-1801William Pitt
60%
441868-1874William Gladstone
57%
371908-1916Herbert Asquith
50%
391841-1846Robert Peel
45%
431866-1868Earl of Derby
20%

Score Distribution

Percentile by Number Answered

Percent of People with Each Score

Your Score History

You have not taken this quiz